№ 6, июль-август; Университетская книга

Bibliographische Detailangaben
Parent link:Университетская книга: информационно-аналитический журнал. № 6, июль-август.— , 2020-
Sprache:Russisch
Veröffentlicht: 2020
Format: MixedMaterials Buch
KOHA link:https://koha.lib.tpu.ru/cgi-bin/koha/opac-detail.pl?biblionumber=585562

MARC

LEADER 00000nam2a2200000 4500
001 585562
005 20231101131302.0
035 |a (RuTPU)RU\TPU\prd\288012 
090 |a 585562 
100 |a 20200817a19969999km y0rusy50 ca 
101 0 |a rus 
102 |a RU 
200 0 |a № 6, июль-август 
210 |d 2020 
461 1 |0 (RuTPU)RU\TPU\prd\288011  |t Университетская книга  |o информационно-аналитический журнал  |v № 6, июль-август  |d 2020- 
801 0 |a RU  |b 63413507  |c 20010227  |g PSBO 
801 1 |a RU  |b 63413507  |c 20200817 
801 2 |a RU  |b 63413507  |c 20230622  |g RCR 
942 |c BK 
999 |a НТБ_ТПУ  |b НФ  |e -1/20200109  |p П-9262  |s 3/20200629  |u 0,00  |v 1